En acción por la autonomía y el respeto de los derechos de las mujeres: violencia /
En un contexto salvadoreño de violencia (en todas sus dimensiones) contra las mujeres e impunidad de estos actos, se evidencia la desigualdad y discriminaron de éstas y la falta de voluntad política para dar respuesta precisa; por lo que se plantean una serie de demandas por parte de las mujeres par...
Guardado en:
| Institution som forfatter: | |
|---|---|
| Format: | Texto |
| Fag: | |
| Tags: |
Tilføj Tag
Ingen Tags, Vær først til at tagge denne postø!
|
MARC
| LEADER | 00000 a a2200000 04500 | ||
|---|---|---|---|
| 001 | 6915 | ||
| 003 | |||
| 040 | |||
| 110 | |a Concertación Feminista Prudencia Ayala | ||
| 245 | |a En acción por la autonomía y el respeto de los derechos de las mujeres: |b violencia / |c Concertación Feminista Prudencia Ayala | ||
| 520 | |a En un contexto salvadoreño de violencia (en todas sus dimensiones) contra las mujeres e impunidad de estos actos, se evidencia la desigualdad y discriminaron de éstas y la falta de voluntad política para dar respuesta precisa; por lo que se plantean una serie de demandas por parte de las mujeres para defender sus derechos. | ||
| 590 | |a SJB/AGOSTO2011 | ||
| 650 | |a 1.VIOLENCIA CONTRA LAS MUJERES | ||
| 650 | |a 2.DISCRIMINACION BASADA EN EL GENERO | ||
| 650 | |a 3.DERECHOS DE LAS MUJERES | ||
| 650 | |a 4.EXPLOTACION LABORAL | ||
| 650 | |a 5.PARTICIPACION DE LA MUJER | ||
| 650 | |a 6.PARTICIPACION POLITICA | ||
| 650 | |a 7.SALUD DE LAS MUJERES | ||
| 650 | |a 8.ACCESO A LA SALUD | ||
| 650 | |a 9.EL SALVADOR | ||
| 773 | |g volumen 28, número 1281; páginas 8-14 | ||
| 999 | |c 35042 |d 35042 | ||
